Statistics for Guess the Taylor Swift Song (no hints) 108

Click here to take the quiz!

General Stats

  • This quiz has been taken 40 times
  • The average score is 352 of 415

Answer Stats

Answer% Correct
I
100%
The
100%
the
100%
a
97%
an
97%
And
97%
and
97%
in
97%
me
97%
where
97%
You
97%
you
97%
if
94%
like
94%
Like
94%
my
94%
to
94%
were
94%
when
94%
your
94%
for
92%
I'm
92%
it
92%
of
92%
on
92%
that
92%
win
92%
I'd
89%
is
89%
know
89%
But
86%
but
86%
night
86%
(oh)
86%
one
86%
say
86%
thing
86%
was
86%
from
83%
never
83%
there
83%
As
81%
could
81%
Every
81%
face
81%
hand
81%
I'll
81%
look
81%
ship
81%
take
81%
They
81%
this
81%
willow
81%
back
78%
case
78%
less
78%
man
78%
meet
78%
more
78%
open
78%
others
78%
right
78%
than
78%
That's
78%
that's
78%
time
78%
Wait
78%
wind
78%
wine
78%
after
75%
begging
75%
come
75%
dark
75%
follow
75%
home
75%
knife
75%
known
75%
Now
75%
or
75%
plans
75%
rolled
75%
scars
75%
Show
75%
stronger
75%
through
75%
trend
75%
water
75%
Wreck
75%
Yeah,
75%
90's
72%
again
72%
Anywhere
72%
art
72%
bent
72%
cut
72%
else
72%
gave
72%
Life
72%
places
72%
priceless
72%
ring
72%
shut
72%
signal
72%
Wherever
72%
work
72%
would've
72%
champion
69%
feel
69%
hollow
69%
Rough
69%
stray
69%
surface
69%
Lost
67%
mythical
67%
out
67%
train
67%
trophy
67%
cheat
64%
Head
64%
prize
64%
should've
64%
Hey,
61%
pillow,
61%
switch
61%
bait
58%
Guess
58%
sneaking
58%
current
56%
count
53%

Score Distribution

Percentile by Number Answered

Percent of People with Each Score

Your Score History

You have not taken this quiz